Maisie Peters - Wendy - Statistics

General Stats
  • This quiz has been taken 77 times
  • The average score is 303 of 348
Answer Stats
Answer % Correct
a
100%
I
100%
the
100%
We
100%
about
98%
and
98%
And
98%
me
98%
my
98%
Wendy
98%
Wendy?
98%
what
98%
What
98%
when
98%
you
98%
You
98%
But
95%
of
95%
on
95%
that
95%
to
95%
your
95%
be
93%
Be
93%
he
93%
off
93%
You’re
93%
you’re
93%
in
90%
it
90%
live
90%
Wait
90%
wait
90%
wings?
90%
baby
88%
boy,
88%
could
88%
like
88%
Lost
88%
lost
88%
magic
88%
maybes
88%
Neverland,
88%
one
88%
She
88%
take
88%
Take
88%
always
85%
her
85%
remember
85%
there’s
85%
up
85%
every
83%
him
83%
know
83%
look
83%
Lose
83%
Now
83%
page
83%
want
83%
whole
83%
after
80%
almost
80%
at
80%
back
80%
book
80%
bored
80%
door
80%
forest
80%
gets
80%
girl
80%
ready
80%
So
80%
until
80%
20
78%
Behind
78%
forever
78%
go
78%
If
78%
I’ll
78%
I’m
78%
kissed
78%
life
78%
love
78%
scares
78%
sound
78%
Then
78%
Till
78%
till
78%
way
78%
we’ll
78%
You’ll
78%
you’ll
78%
being
76%
‘cause
76%
‘Cause
76%
clock
76%
flinch
76%
followed
76%
hate
76%
it’s
76%
It’s
76%
loses
76%
married
76%
not
76%
old
76%
rocks
76%
rolling
76%
scream
76%
still
76%
stone
76%
throw
76%
wake
76%
wanders
76%
watches
76%
window
76%
world
76%
AC
73%
have,
73%
man
73%
turn
73%
wanted
73%
careful,
71%
fist
71%
halfway
71%
kid
71%
laughing
71%
Pretend
71%
through
71%
vicious
71%
closed
68%
Leaving
68%
lock
68%
with
68%
floor
66%
pretty
66%
sure
66%
bone
63%
future
63%
ghost
63%
hand
63%
sorry
63%
throwing
63%
phone
61%
windows
61%
evasive
54%
band
51%
give
51%
calling
44%
Yeah,
37%
No matching quizzes found
Score Distribution
Percent of People with Each Score
Percentile by Number Answered
Your Score History
You have not taken this quiz